<?xml version="1.0" encoding="UTF-8"?>
<record
    xmlns:xsi="http://www.w3.org/2001/XMLSchema-instance"
    xsi:schemaLocation="http://www.loc.gov/MARC21/slim http://www.loc.gov/standards/marcxml/schema/MARC21slim.xsd"
    xmlns="http://www.loc.gov/MARC21/slim">

  <leader>00907cam a22002171  4500</leader>
  <controlfield tag="001">af 48003638 </controlfield>
  <controlfield tag="003">DLC</controlfield>
  <controlfield tag="005">20260227110903.0</controlfield>
  <controlfield tag="008">890426s1944    be a          000 1 dut c</controlfield>
  <datafield tag="010" ind1=" " ind2=" ">
    <subfield code="a">af 48003638 </subfield>
  </datafield>
  <datafield tag="035" ind1=" " ind2=" ">
    <subfield code="a">(OCoLC)19609820</subfield>
  </datafield>
  <datafield tag="040" ind1=" " ind2=" ">
    <subfield code="a">California. Univ. Libr.</subfield>
    <subfield code="c">CU</subfield>
    <subfield code="d">DLC</subfield>
  </datafield>
  <datafield tag="042" ind1=" " ind2=" ">
    <subfield code="a">premarc</subfield>
  </datafield>
  <datafield tag="050" ind1="0" ind2="0">
    <subfield code="a">PT6465.W4</subfield>
    <subfield code="b">V4</subfield>
  </datafield>
  <datafield tag="100" ind1="1" ind2=" ">
    <subfield code="a">Woestijne, Karel van de,</subfield>
    <subfield code="d">1878-1929.</subfield>
  </datafield>
  <datafield tag="245" ind1="1" ind2="0">
    <subfield code="a">Verhalen.</subfield>
    <subfield code="c">Versierd met 4 droge-naaldetsen door P. Gorus.</subfield>
  </datafield>
  <datafield tag="260" ind1=" " ind2=" ">
    <subfield code="a">[Antwerpen]</subfield>
    <subfield code="b">Standaard-Boekhandel,</subfield>
    <subfield code="c">1944.</subfield>
  </datafield>
  <datafield tag="300" ind1=" " ind2=" ">
    <subfield code="a">91 p.</subfield>
    <subfield code="b">illus.</subfield>
    <subfield code="c">28 cm.</subfield>
  </datafield>
  <datafield tag="500" ind1=" " ind2=" ">
    <subfield code="a">"Van deze acht verhalen, geschreven in 1923, werden er drie (Een Brief, De Ontmoeting, De Vrijheid) omgewerkt en opgenomen in den bundel 'Beginselen der Chemie,' de overige vijf zijn onuitgegeven."</subfield>
  </datafield>
  <datafield tag="505" ind1="0" ind2=" ">
    <subfield code="a">De moord.--Roman.--Het chocoladen hart.--Het late bezoek.--Een brief.--De ontmoeting.--De inbreker.--De vrijheid.</subfield>
  </datafield>
  <datafield tag="999" ind1=" " ind2=" ">
    <subfield code="c">5692</subfield>
    <subfield code="d">5692</subfield>
  </datafield>
</record>
